00752nam a2200229 4500003000400000005001700004008004100021020001800062040001800080050001700098100003000115245003500145264003300180300005500213336002200268337002400290338002400314502007800338650003200416650003000448650004400478OSt20260530115302.0260417b2009 gw a|||| |||| 00| 0 eng d a9783899552416 aICIbspacICI aNK1570 bN531 aNicolai, Carsten,d1965, 10aGrid Index /c Carsten Nicolai 1bGestalten, c2009aBerlin :  avolumenes b ilustraciones e1 CD-ROM (4 3/4 plg.) atexto2rdacontent asin medio2rdamedia avolumen2rdacarrier a"visual dictionary on two-dimensional grids and geometric tilings"--Pref. aGrids (Crisscross patterns) a Mosaicos (Matemáticas) a Formas repetitivas (Artes decorativas)